Handbook of mechanical specifications for buildings and plants; (Record no. 545274)
[ view plain ]
| 000 -LEADER | |
|---|---|
| fixed length control field | 00513cam a22001451 4500 |
| 082 ## - DEWEY DECIMAL CLASSIFICATION NUMBER | |
| Classification number | 621.2 |
| Author Mark | EME |
| -- | L-13, P-82 |
| 100 1# - MAIN ENTRY--PERSONAL NAME | |
| Personal name | Emerick, Robert Henderson. |
| 9 (RLIN) | 41080 |
| 245 10 - TITLE STATEMENT | |
| Title | Handbook of mechanical specifications for buildings and plants; |
| Remainder of title | a checklist for engineers and architects. |
| 260 ## - PUBLICATION, DISTRIBUTION, ETC. | |
| Place of publication, distribution, etc. | New York, |
| Name of publisher, distributor, etc. | McGraw-Hill |
| Date of publication, distribution, etc. | [1966] |
| 300 ## - PHYSICAL DESCRIPTION | |
| Extent | xiv, 482 p. |
| Other physical details | illus. |
| Dimensions | 21 cm. |
| 526 ## - STUDY PROGRAM INFORMATION NOTE | |
| Program name | 0 |
| Interest level | 0 |
| Reading level | 0 |
| Title point value | 621_200000000000000_EME |
| 650 #0 - SUBJECT ADDED ENTRY--TOPICAL TERM | |
| Topical term or geographic name entry element | Buildings |
| General subdivision | Mechanical equipment |
| 9 (RLIN) | 32540 |
| 650 #0 - SUBJECT ADDED ENTRY--TOPICAL TERM | |
| Topical term or geographic name entry element | MCE |
| 9 (RLIN) | 379 |
| 942 ## - ADDED ENTRY ELEMENTS (KOHA) | |
| Source of classification or shelving scheme | |
| Koha item type | Book |
| Withdrawn status | Lost status | Source of classification or shelving scheme | Damaged status | Not for loan | Permanent Location | Current Location | Date acquired | Total Checkouts | Full call number | Barcode | Date last seen | Price effective from | Koha item type |
|---|---|---|---|---|---|---|---|---|---|---|---|---|---|
| Military College of Engineering (MCE) | Military College of Engineering (MCE) | 05/20/2014 | 621.2 EME | MCE-5525 | 05/20/2014 | 05/20/2014 | Book |
